| 000 | 00350nam a2200133Ia 4500 | ||
|---|---|---|---|
| 008 | 191014s9999 xx 000 0 und d | ||
| 020 | _a3-540-08350-2 | ||
| 082 |
_a530.143 _bDRE |
||
| 100 |
_aW. Drechsler M.E. Mayer _920437 |
||
| 245 | 0 | _aLecture Notes in Physics | |
| 260 |
_aNew York _bSpringer-Verlag _c1977 |
||
| 300 | _aPeg,102 | ||
| 942 | _cBK | ||
| 999 |
_c531019 _d531019 |
||